<?xml version="1.0" encoding="UTF-8"?>
<record
    xmlns:xsi="http://www.w3.org/2001/XMLSchema-instance"
    xsi:schemaLocation="http://www.loc.gov/MARC21/slim http://www.loc.gov/standards/marcxml/schema/MARC21slim.xsd"
    xmlns="http://www.loc.gov/MARC21/slim">

  <leader>02078nam0a22003011  4500</leader>
  <controlfield tag="001">RU\NLR\UK\569</controlfield>
  <controlfield tag="005">20260408064754.0</controlfield>
  <datafield tag="035" ind1=" " ind2=" ">
    <subfield code="a">(NLR Aleph) 009798371</subfield>
  </datafield>
  <datafield tag="090" ind1=" " ind2=" ">
    <subfield code="a">10164911</subfield>
    <subfield code="c">10164911</subfield>
  </datafield>
  <datafield tag="100" ind1=" " ind2=" ">
    <subfield code="a">20030129d1748    u  y0rusy50      ca</subfield>
  </datafield>
  <datafield tag="101" ind1="0" ind2=" ">
    <subfield code="a">rus</subfield>
  </datafield>
  <datafield tag="102" ind1=" " ind2=" ">
    <subfield code="a">RU</subfield>
  </datafield>
  <datafield tag="200" ind1="1" ind2=" ">
    <subfield code="a">&#x423;&#x43A;&#x430;&#x437; &#x435;&#x44F; &#x438;&#x43C;&#x43F;&#x435;&#x440;&#x430;&#x442;&#x43E;&#x440;&#x441;&#x43A;&#x430;&#x433;&#x43E; &#x432;&#x435;&#x43B;&#x438;&#x447;&#x435;&#x441;&#x442;&#x432;&#x430; &#x441;&#x430;&#x43C;&#x43E;&#x434;&#x435;&#x440;&#x436;&#x438;&#x446;&#x44B; &#x432;&#x441;&#x435;&#x440;&#x43E;&#x441;&#x441;&#x438;&#x438;&#x441;&#x43A;&#x43E;&#x438;,</subfield>
    <subfield code="e">[&#x41E; &#x440;&#x430;&#x441;&#x441;&#x44B;&#x43B;&#x43A;&#x435; &#x432; &#x41C;&#x43E;&#x441;&#x43A;&#x432;&#x435; &#x443;&#x43A;&#x430;&#x437;&#x430; &#x43E; &#x442;&#x43E;&#x43C;, &#x447;&#x442;&#x43E;&#x431;&#x44B; &#x43B;&#x44E;&#x434;&#x438; &#x434;&#x43B;&#x44F; &#x443;&#x442;&#x443;&#x448;&#x435;&#x43D;&#x438;&#x44F; &#x43F;&#x43E;&#x436;&#x430;&#x440;&#x43E;&#x432; &#x431;&#x44B;&#x43B;&#x438; &#x43D;&#x435; &#x43E;&#x442;&#x43C;&#x435;&#x43D;&#x43D;&#x43E;, &#x43F;&#x43E;&#x436;&#x430;&#x440;&#x43D;&#x44B;&#x435; &#x438;&#x43D;&#x441;&#x442;&#x440;&#x443;&#x43C;&#x435;&#x43D;&#x442;&#x44B; &#x431;&#x44B;&#x43B;&#x438; &#x432; &#x434;&#x43E;&#x43B;&#x436;&#x43D;&#x43E;&#x439; &#x438;&#x441;&#x43F;&#x440;&#x430;&#x432;&#x43D;&#x43E;&#x441;&#x442;&#x438; &#x438; &#x43E; &#x43F;&#x440;&#x435;&#x434;&#x43E;&#x441;&#x442;&#x43E;&#x440;&#x43E;&#x436;&#x43D;&#x43E;&#x441;&#x442;&#x438; &#x43E;&#x442; &#x437;&#x430;&#x436;&#x438;&#x433;&#x430;&#x442;&#x435;&#x43B;&#x435;&#x439;]</subfield>
    <subfield code="e">&#x41F;&#x440;&#x430;&#x432;&#x438;&#x442;&#x435;&#x43B;&#x44C;&#x441;&#x442;&#x432;&#x443;&#x44E;&#x449;&#x430;&#x433;&#x43E; &#x421;&#x435;&#x43D;&#x430;&#x442;&#x430; &#x438;&#x437; &#x43A;&#x430;&#x43D;&#x442;&#x43E;&#x440;&#x44B;</subfield>
  </datafield>
  <datafield tag="210" ind1=" " ind2=" ">
    <subfield code="a">[&#x411;.&#x43C;.</subfield>
    <subfield code="d">1748]</subfield>
  </datafield>
  <datafield tag="215" ind1=" " ind2=" ">
    <subfield code="a">[1] &#x43B;.</subfield>
    <subfield code="d">2&#xB0;</subfield>
  </datafield>
  <datafield tag="304" ind1=" " ind2=" ">
    <subfield code="a">&#x422;&#x435;&#x43A;&#x441;&#x442; &#x43D;&#x430;&#x447;&#x438;&#x43D;&#x430;&#x435;&#x442;&#x441;&#x44F; &#x441;&#x43B;&#x43E;&#x432;&#x430;&#x43C;&#x438;: &#x421;&#x435;&#x433;&#x43E; &#x438;&#x44E;&#x43D;&#x44F; 13 &#x434;&#x43D;&#x44F;, &#x432; &#x432;&#x435;&#x434;&#x435;&#x43D;&#x438;&#x438; &#x438;&#x437; &#x41F;&#x440;&#x430;&#x432;&#x438;&#x442;&#x435;&#x43B;&#x44C;&#x441;&#x442;&#x432;&#x443;&#x44E;&#x449;&#x430;&#x433;&#x43E; &#x421;&#x435;&#x43D;&#x430;&#x442;&#x430; &#x432; &#x421;&#x435;&#x43D;&#x430;&#x442;&#x441;&#x43A;&#x443;&#x44E; &#x41A;&#x430;&#x43D;&#x442;&#x43E;&#x440;&#x443; &#x43E;&#x431;&#x44A;&#x44F;&#x432;&#x43B;&#x435;&#x43D;&#x43E;, &#x447;&#x442;&#x43E;&#x431; &#x432; &#x41C;&#x43E;&#x441;&#x43A;&#x432;&#x435; &#x432; &#x43F;&#x43E;&#x436;&#x430;&#x440;&#x43D;&#x43E;&#x435; &#x432;&#x440;&#x435;&#x43C;&#x44F;...</subfield>
  </datafield>
  <datafield tag="306" ind1=" " ind2=" ">
    <subfield code="a">&#x412; &#x43A;&#x43E;&#x43D;&#x446;&#x435; &#x442;&#x435;&#x43A;&#x441;&#x442;&#x430; &#x434;&#x430;&#x442;&#x430; &#x440;&#x430;&#x441;&#x441;&#x44B;&#x43B;&#x43A;&#x438;: &#x418;&#x44E;&#x43D;&#x44F; &#x434;&#x43D;&#x44F;, 1748 &#x433;&#x43E;&#x434;&#x430;.</subfield>
  </datafield>
  <datafield tag="316" ind1=" " ind2=" ">
    <subfield code="a">&#x412; &#x44D;&#x43A;&#x437;. &#x420;&#x41D;&#x411;, &#x430;&#x434;&#x440;&#x435;&#x441;&#x43E;&#x432;&#x430;&#x43D;&#x43D;&#x43E;&#x43C; &#x421;&#x43E;&#x43B;&#x44F;&#x43D;&#x43E;&#x439; &#x43A;&#x43E;&#x43D;&#x442;&#x43E;&#x440;&#x435;, &#x434;&#x430;&#x442;&#x430; &#x440;&#x430;&#x441;&#x441;&#x44B;&#x43B;&#x43A;&#x438; &#x432;&#x43F;&#x438;&#x441;&#x430;&#x43D;&#x430; &#x43E;&#x442; &#x440;&#x443;&#x43A;&#x438;: &#x418;&#x44E;&#x43D;&#x44F; 15 &#x434;&#x43D;&#x44F;, 1748 &#x433;&#x43E;&#x434;&#x430;</subfield>
    <subfield code="5">123/142</subfield>
  </datafield>
  <datafield tag="517" ind1="1" ind2=" ">
    <subfield code="a">&#x421;&#x435;&#x433;&#x43E; &#x438;&#x44E;&#x43D;&#x44F; 13 &#x434;&#x43D;&#x44F;, &#x432; &#x432;&#x435;&#x434;&#x435;&#x43D;&#x438;&#x438; &#x438;&#x437; &#x41F;&#x440;&#x430;&#x432;&#x438;&#x442;&#x435;&#x43B;&#x44C;&#x441;&#x442;&#x432;&#x443;&#x44E;&#x449;&#x430;&#x433;&#x43E; &#x421;&#x435;&#x43D;&#x430;&#x442;&#x430; &#x432; &#x421;&#x435;&#x43D;&#x430;&#x442;&#x441;&#x43A;&#x443;&#x44E; &#x41A;&#x430;&#x43D;&#x442;&#x43E;&#x440;&#x443; &#x43E;&#x431;&#x44A;&#x44F;&#x432;&#x43B;&#x435;&#x43D;&#x43E;, &#x447;&#x442;&#x43E;&#x431; &#x432; &#x41C;&#x43E;&#x441;&#x43A;&#x432;&#x435; &#x432; &#x43F;&#x43E;&#x436;&#x430;&#x440;&#x43D;&#x43E;&#x435; &#x432;&#x440;&#x435;&#x43C;&#x44F;</subfield>
  </datafield>
  <datafield tag="702" ind1=" " ind2="0">
    <subfield code="4">720</subfield>
    <subfield code="8">rus</subfield>
    <subfield code="7">ca</subfield>
    <subfield code="a">&#x415;&#x43B;&#x438;&#x437;&#x430;&#x432;&#x435;&#x442;&#x430; &#x41F;&#x435;&#x442;&#x440;&#x43E;&#x432;&#x43D;&#x430;</subfield>
    <subfield code="c">&#x438;&#x43C;&#x43F;&#x435;&#x440;&#x430;&#x442;&#x440;&#x438;&#x446;&#x430; &#x440;&#x43E;&#x441;&#x441;&#x438;&#x439;&#x441;&#x43A;&#x430;&#x44F;</subfield>
    <subfield code="f">1709-1762</subfield>
    <subfield code="3">RU\NLR\AUTH\778655</subfield>
    <subfield code="9">118551</subfield>
  </datafield>
  <datafield tag="710" ind1="0" ind2="1">
    <subfield code="a">&#x420;&#x43E;&#x441;&#x441;&#x438;&#x44F;</subfield>
    <subfield code="b">&#x418;&#x43C;&#x43F;&#x435;&#x440;&#x430;&#x442;&#x440;&#x438;&#x446;&#x430;</subfield>
    <subfield code="c">1741-1762; &#x415;&#x43B;&#x438;&#x437;&#x430;&#x432;&#x435;&#x442;&#x430; &#x41F;&#x435;&#x442;&#x440;&#x43E;&#x432;&#x43D;&#x430;</subfield>
    <subfield code="3">RU\NLR\AUTH\8810042736</subfield>
    <subfield code="9">584915</subfield>
  </datafield>
  <datafield tag="801" ind1=" " ind2="0">
    <subfield code="a">RU</subfield>
    <subfield code="b">NLR</subfield>
    <subfield code="c">20030129</subfield>
  </datafield>
  <datafield tag="852" ind1=" " ind2=" ">
    <subfield code="a">NLR</subfield>
    <subfield code="j">123/142</subfield>
  </datafield>
  <datafield tag="942" ind1=" " ind2=" ">
    <subfield code="c">BOOK</subfield>
  </datafield>
  <datafield tag="980" ind1=" " ind2=" ">
    <subfield code="a">NB</subfield>
  </datafield>
  <datafield tag="980" ind1=" " ind2=" ">
    <subfield code="a">A1XVIIIv</subfield>
  </datafield>
  <datafield tag="980" ind1=" " ind2=" ">
    <subfield code="a">A1UKAZ</subfield>
  </datafield>
</record>
